Conflicts of law and morality (Record no. 196057)
[ view plain ]
| 000 -LEADER | |
|---|---|
| fixed length control field | 01191nam a2200325Ia 4500 |
| 100 1# - MAIN ENTRY--AUTHOR NAME | |
| Personal name | Greenawalt, Kent, |
| 245 10 - TITLE STATEMENT | |
| Title | Conflicts of law and morality |
| 260 ## - PUBLICATION, DISTRIBUTION, ETC. (IMPRINT) | |
| Place of publication | New York : |
| Name of publisher | Oxford University Press, |
| Year of publication | 1987. |
| 300 ## - PHYSICAL DESCRIPTION | |
| Number of Pages | xii, 383 p. |
| 490 1# - SERIES STATEMENT | |
| Series statement | Clarendon law series |
| 650 #0 - SUBJECT ADDED ENTRY--TOPICAL TERM | |
| Topical Term | Law |
| Topical Term | Law and ethics. |
| 856 40 - ELECTRONIC LOCATION AND ACCESS | |
| Uniform Resource Identifier | http://site.ebrary.com/lib/rucke/Doc?id=10142095 |
No items available.
